Textbook of environmental engineering / (Record no. 874)

000 -LEADER
fixed length control field 00555nam a22002057a 4500
001 - CONTROL NUMBER
control field 874
003 - CONTROL NUMBER IDENTIFIER
control field BD-DhUET
008 - FIXED-LENGTH DATA ELEMENTS--GENERAL INFORMATION
fixed length control field 140824b xxu||||| |||| 00| 0 eng d
020 ## - INTERNATIONAL STANDARD BOOK NUMBER
International Standard Book Number 9788120319301
040 ## - CATALOGING SOURCE
Transcribing agency 0
Modifying agency BD-DhUET
082 ## - DEWEY DECIMAL CLASSIFICATION NUMBER
Edition number 628
Item number RAO/2002
100 ## - MAIN ENTRY--PERSONAL NAME
Personal name Rao, P. Venugopala
245 ## - TITLE STATEMENT
Title Textbook of environmental engineering /
Statement of responsibility, etc. by P. Venugopala Rao
250 ## - EDITION STATEMENT
Edition statement 1st ed.
260 ## - PUBLICATION, DISTRIBUTION, ETC. (IMPRINT)
Place of publication, distribution, etc. New Delhi
Name of publisher, distributor, etc. Prentice-Hall of India
Date of publication, distribution, etc. 2002
300 ## - PHYSICAL DESCRIPTION
Extent xii,268 p.
504 ## - BIBLIOGRAPHY, ETC. NOTE
Bibliography, etc Includes bibliographies
650 #0 - SUBJECT ADDED ENTRY--TOPICAL TERM
Topical term or geographic name as entry element Environmental engineering
942 ## - ADDED ENTRY ELEMENTS (KOHA)
Koha item type General Book
Holdings
Koha normalized classification for sorting Price effective from Date acquired Withdrawn status Sublocation or collection (holding branch) Koha date last seen Copy number Koha full call number Piece designation (barcode) Shelving location Location (home branch) Lost status Damaged status Koha item type Not for loan Source of classification or shelving scheme
628RAO20022014-08-242014-08-24 Central Library, BUET2014-08-241628/RAO/2002109150Circulation sectionCentral Library, BUET  General Book  
628_000000000000000_RAO_20022014-08-242014-08-24 Central Library, BUET2014-08-242628/RAO/2002109151Circulation sectionCentral Library, BUET  General Book